| 000 | 00000nas##2200000za#4500 |
| 001 | 9.508768 |
| 003 | CaOODSP |
| 005 | 20200325101653 |
| 007 | co ||||||||||| |
| 008 | 150406c1999||||xxc|| p q||||f| |0eng|d |
| 022 | |a1487-5381 |
| 040 | |aCaOODSP|beng |
| 041 | |aeng |
| 041 | |afre |
| 043 | |an-cn--- |
| 086 | 1 |aT51-7MRC |
| 110 | 1 |aCanada.|bTransport Canada. |bAeronautical Licensing and Inspection Branch. |
| 245 | 10|aCanadian civil aircraft register / |h[electronic resource]|cIssued by the Aeronautical Licensing and Inspection Branch. |
| 260 | |aOttawa - Ontario : |bTransport Canada. |
| 310 | |aQuarterly |
| 500 | |aN.B.: Depository libraries may network this product. The Register is free to be searched on the departmental website at: http://www.tc-gc.ca/aviation/ccarcs or downloaded in MS Access97 format (Windows 95/NT) from: http://www.tc.gc.ca/aviation/ccarcs/download/notice.htm |
| 546 | |aBilingual |
| 792 | |tRegistre d'immatriculation des aéronefs civils canadiens / |efre|w(CaOODSP)9.508769 |